| 000 | 00411 a2200109 4500 | ||
|---|---|---|---|
| 001 | ART_10856 | ||
| 005 | 20260410161852.0 | ||
| 008 | 260409a | ||
| 245 | 1 | 0 | _aLa tercerización y las técnicas de protección. Cuestiones procesales en los reclamos por solidaridad |
| 100 | 1 | _aRodríguez Mancini, Jorge | |
| 773 | 0 |
_tDerecho del trabajo _gTercerización - Año I, Nº 1 (mayo 2012) _wREV10447 |
|
| 999 |
_c25104 _d25104 |
||